Statistics for Madden Covers Quiz

Click here to take the quiz!

General Stats

  • This quiz has been taken 34,386 times
    (2,502 since last reset)
  • The average score is 13 of 23

Answer Stats

Version Position Player % Correct
2018QBTom Brady
96%
2017TERob Gronkowski
90%
2019WRAntonio Brown
90%
2020QBPatrick Mahomes
90%
2015CBRichard Sherman
76%
2016WROdell Beckham Jr.
76%
2000CoachJohn Madden
73%
Madden 25RBBarry Sanders
69%
2013WRCalvin Johnson
66%
Madden 25RBAdrian Peterson
64%
2011QBDrew Brees
59%
2004QBMichael Vick
58%
2010WRLarry Fitzgerald
51%
2010STroy Polamalu
51%
2009QBBrett Favre
50%
2005LBRay Lewis
50%
2012RBPeyton Hillis
46%
2008QBVince Young
37%
2007RBShaun Alexander
35%
2006QBDonovan McNabb
33%
2003RBMarshall Faulk
32%
2002QBDaunte Culpepper
24%
2001RBEddie George
23%

Score Distribution

Percentile by Number Answered

Percent of People with Each Score

Your Score History

You have not taken this quiz since the last reset